Statistiche per Main satellites of the solar system

Clicka qui per fare il quiz!

Statistiche generali

  • Questo quiz è stato fatto 5 volte
  • Il punteggio medio è 4 su 28

Statistiche sulle risposte

planet or dwarf planetsatellite% Corretto
EarthMoon
100%
Europa
60%
Io
60%
Callisto
40%
Mars (both)Phobos
40%
Saturn (> 250 km)Titan
40%
Deimos
20%
Jupiter (> 100 km)Ganymede
20%
Nereid
20%
Oberon
20%
Uranus (> 250 km)Titania
20%
Amalthea
0%
Ariel
0%
Pluto (> 1000 km)Charon
0%
Dione
0%
ErisDysnomia
0%
Enceladus
0%
Himalia
0%
Hyperion
0%
Iapetus
0%
Mimas
0%
Miranda
0%
Proteus
0%
Rhea
0%
Tethys
0%
Thebe
0%
Neptune (> 250 km)Triton
0%
Umbriel
0%

Distribuzione punteggi

Percentile per numero di risposta

Percentuale di utenti per punteggio

I tuoi punteggi nel tempo

Non hai fatto questo quiz